| 000 | 00578nam a2200169 4500 | ||
|---|---|---|---|
| 001 | 148297 | ||
| 003 | ES-MaACL | ||
| 005 | 20230906202535.0 | ||
| 007 | t| | ||
| 008 | 070214s1908 it r ||||1| ita d | ||
| 100 | 1 |
_aStorck, Karl. _9108327 |
|
| 245 | 1 | 0 |
_aStoria della letteratura tedesca / _cCarlo Storck ; traduzione del dott. G. Lesca sulla quarta-quinta edizione originale accresciuta e corretta. |
| 260 |
_aTorino : _bLoescher, _c1908 ( _eFirenze : _fS. Landi) |
||
| 300 |
_aXX, 596 p. ; _c24 x 16 cm. |
||
| 700 | 1 |
_aLesca, Giuseppe. _971826 |
|
| 852 |
_aES-MaACL _jF-1807 |
||
| 999 |
_c148297 _d148297 |
||